Séléction de Tuiles - villes française - version difficile - Statistiques

Statistiques générales
  • Ce quiz a été pris 14 fois
  • Le résultat moyen est 74 sur 180
Statistiques - réponses
Question Tuile Select % Correct
Paris Cathédrale Notre-Dame Oui
100%
Lyon Cité de l'espace Non
100%
Lyon Quartier du Panier Non
100%
Paris Tour Eiffel Oui
100%
Marseille Vieux-Port Oui
100%
Lyon Basilique de Fourvière Oui
93%
Lyon Confluence de la Saône et du Rhône Oui
93%
Marseille IEP de Sciences-Po Non
93%
Paris Musée Fabre Non
93%
Marseille Notre-Dame de la Garde Oui
93%
Marseille La Marseillaise Non
86%
Lyon Photographie Non
86%
Marseille Siège social de Ricard Oui
86%
Marseille Zinédine Zidane Oui
86%
Lyon Cinéma Oui
79%
Strasbourg Le Rhin Oui
79%
Paris Parc des Princes Oui
79%
Lyon Siège de l'INA Non
79%
Strasbourg Ville allemande entre 1871 et 1919 Oui
79%
Lyon Antoine de Saint-Exupéry Oui
71%
Paris Basilique de Saint-Denis Non
71%
Bordeaux Cannelés Oui
64%
Strasbourg Gutenberg Non
64%
Toulouse Puisqu'ayant dépassé le million d'habitants, découpée en arrondissements Non
64%
Toulouse Son équipe de rugby est six fois championne d'Europe Oui
64%
Strasbourg Ville à majorité protestante Non
64%
Lille Ville côtière Non
64%
Rennes Bertrand du Guesclin Non
57%
Marseille Capitale historique de la Provence Non
57%
Lille Capitale régionale des Hauts-de-France Oui
57%
Perpignan Club de rugby le plus titré de France Non
57%
Rennes Condate à l'époque romaine Oui
57%
Orléans Jeanne d'Arc participe à la levée de son siège Oui
57%
Marseille Le Rhône Non
57%
Toulouse Plus grande cathédrale en brique du monde Non
57%
Metz Siège de la région Grand-Est Non
57%
Clermont-Ferrand Siège social de Michelin Oui
57%
Strasbourg Université médiévale Non
57%
Bordeaux Ville côtière bordant l'Atlantique Non
57%
Paris Aéroport Charles de Gaulle Non
50%
Metz Antenne du musée du Louvre Non
50%
Lille Beffroi Oui
50%
Montpellier Canal du Midi Non
50%
Nantes Capitale régionale de la Bretagne Non
50%
Angers Capitale régionale des Pays-de-la-Loire Non
50%
Strasbourg Cathédrale la plus haute de France Non
50%
Orléans Château du XVIème siècle, résidence de François Ier Non
50%
Lille Commune frontalière de la Belgique Non
50%
Perpignan Commune frontalière de l'Espagne Non
50%
Toulouse Francis Cabrel Non
50%
Montpellier La Garonne Non
50%
Nantes La Loire Oui
50%
Metz La Moselle Oui
50%
Lille Plus haut clocher de cathédrale du Nord Non
50%
Nantes Principal port fluvial français Non
50%
Nice Promenade des anglais Oui
50%
Perpignan Salvador Dalí Non
50%
Le Havre Siège du conseil régional de Normandie Non
50%
Clermont-Ferrand Située sur la LGV cœur de France, qui dessert la gare d'Auvergne TGV Non
50%
Nice Aéroport le plus fréquenté hors-Paris Oui
43%
Besançon Amphithéâtre romain préservé Non
43%
Nice Annexée par la France en 1860 Oui
43%
Perpignan Arc de Triomf de Perpinyà Non
43%
Metz Arthur Rimbaud Non
43%
Clermont-Ferrand Cathédrale en pierre volcanique Oui
43%
Rennes Centre ville reconstruit en style haussmannien après un incendie en 1864 Non
43%
Lille Charles de Gaulle Oui
43%
Angers Château des ducs d'Anjou Oui
43%
Strasbourg Commission Européenne Non
43%
Clermont-Ferrand Festival du court-métrage réputé Oui
43%
Orléans Guillaume Apollinaire Non
43%
Orléans La Loire Oui
43%
Toulouse La Violette est un emblème de la ville Oui
43%
Dijon Palais des ducs de Bourgogne Oui
43%
Strasbourg Parlement Européen Oui
43%
Lille Pierre Bachelet Non
43%
Orléans Place Plumereau Non
43%
Orléans Plus long pont en pierre de France Non
43%
Montpellier Population à plus de 15% étudiante Oui
43%
Clermont-Ferrand Première ville étudiante d'Auvergne-Rhône-Alpes Non
43%
Le Havre Premier port français de conteneurs Oui
43%
Paris Red Star Football Club Non
43%
Dijon Remparts de Vauban Non
43%
Rennes Siège du parlement de Bretagne sous l'Ancien Régime Oui
43%
Besançon Siège social de Peugeot Non
43%
Limoges Tradition de production de porcelaine Oui
43%
Clermont-Ferrand Alain Prost Non
36%
Rennes Anne de Bretagne Non
36%
Nice Berceau du Fauvisme Non
36%
Dijon Buffon Non
36%
Perpignan Capitale de la Catalogne Nord Oui
36%
Orléans Cathédrale construite sur six siècles Oui
36%
Besançon Citadelle à l'Unesco Oui
36%
Toulouse Claude Nougaro Oui
36%
Limoges Édouard Manet Non
36%
Nantes François-René de Chateaubriand Non
36%
Montpellier Frères Lebrun Oui
36%
Strasbourg Jean-Baptiste Kléber Oui
36%
Besançon La Saône Non
36%
Dijon La Saône Non
36%
Montpellier Le Montpellier Handball, club le plus titré de la discipline en France Oui
36%
Montpellier Léon Marchand Non
36%
Marseille Marcel Pagnol Non
36%
Bordeaux Montaigne Non
36%
Clermont-Ferrand Pierre Gasly Non
36%
Bordeaux Place de la Bourse Oui
36%
Orléans Plus grande ville de la région Centre Non
36%
Rennes Principale ville historiquement brittophone Non
36%
Angers Rillettes Non
36%
Dijon Siège d'Amora Non
36%
Rennes Système de métro Oui
36%
Metz Système de tramway Non
36%
Paris Victor Hugo Non
36%
Besançon Victor Hugo Oui
36%
Nice Ville frontalière de Monaco Non
36%
Metz Centre-ville en grès des vosges Non
29%
Orléans Charles Péguy Oui
29%
Nantes Château des ducs de Bretagne Oui
29%
Limoges Cité internationale de la tapisserie Non
29%
Le Havre Claude Monet Non
29%
Metz Équipe de handball féminin la plus titrée de France Oui
29%
Metz Gare élue plus belle de France à quatre reprises Oui
29%
Besançon Gustave Courbet Non
29%
Dijon Gustave Eiffel Oui
29%
Clermont-Ferrand Issue de la fusion de Clermont et Ferrand Non
29%
Nantes Jules Verne Oui
29%
Montpellier La place médiévale de la comédie, bordée de maisons à colombages Non
29%
Angers Michel Platini Non
29%
Bordeaux Montesquieu Non
29%
Nice Musée océanographique Non
29%
Clermont-Ferrand Origines gallo-romaines Oui
29%
Perpignan Plus ancien cimetière médiéval subsistant en France Oui
29%
Limoges Plus ancien palais épiscopal de Nouvelle-Aquitaine Non
29%
Bordeaux Plus grande place de France (celle des Quinconces) Oui
29%
Montpellier Quartier balnéaire de la Grande-Motte Non
29%
Rennes Stade Rennais, champion de France de football en 2019 Non
29%
Limoges Système de trolleybus Oui
29%
Rennes Une des dix meilleures prépas littéraires de France Oui
29%
Le Havre Centre reconstruit par Auguste Perret en béton armé après 1945 Oui
21%
Angers Deuxième festival de théâtre de France Oui
21%
Perpignan Hyacinthe Rigaud Oui
21%
Dijon La chouette est un de ses symboles Oui
21%
Angers La Loire Non
21%
Limoges Le Limoges CSP, premier club français champion d'Europe Oui
21%
Perpignan Palais des rois de Majorque Oui
21%
Metz Paul Verlaine Oui
21%
Angers Plus grande bibliothèque médiévale conservée en France Non
21%
Le Havre Plus grande collection impressionniste de France Non
21%
Montpellier Quartier Antigone Oui
21%
Angers Raymond Kopa Oui
21%
Nice Romain Gary Non
21%
Toulouse Siège de l'agence spatial européenne Non
21%
Bordeaux Siège de l'Union Bordeaux-Bègles, club de rugby Non
21%
Besançon Siège du conseil régional de Bourgogne-Franche-Comté Oui
21%
Nice Technopole Sophia Antipolis Non
21%
Perpignan Ville espagnole jusqu'en 1815 Non
21%
Le Havre Cathédrale en béton armée, principal monument de la ville reconstruite Non
14%
Dijon Chocolats Lanvin Oui
14%
Lille Citadelle encore utilisée par l'armée Oui
14%
Bordeaux Cité Internationale de la Gastronomie et du Vin Non
14%
Angers Cointreau Oui
14%
Le Havre Fondée par François Ier Oui
14%
Limoges Gare de Limoges-Ursulines Non
14%
Limoges LiMouv, festival de musique electronique Non
14%
Le Havre Plus vieux club de football de France Non
14%
Besançon Plus vieux musée de France Oui
14%
Lille Premier quartier d'affaire de France après la Défense (Euralille) Non
14%
Le Havre Raymond Queneau Oui
14%
Nantes Stade de la Beaujoire, le plus grand à l'ouest de Paris Non
14%
Bordeaux Surnommé "Le Port de la lune" Oui
14%
Limoges Auguste Renoir Oui
7%
Besançon Capitale de l'horloge comtoise Non
7%
Lyon Frères Lumières Non
7%
Paris George Sand Oui
7%
Toulouse Musée d'art moderne dans les anciens abattoirs Oui
7%
Toulouse Siège d'Airbus Non
7%
Nice Simone Veil Oui
7%
Dijon Moutarde protégée par une AOC Non
0%
Nantes Siège social de LU et BN Non
0%
Nantes Tour Bretagne, la plus haute de France hors-Paris à sa construction Oui
0%
Aucun quiz correspondant
Distribution des résultats
% des personnes avec chaque résultat
Percentile par nombre de réponses
Votre historique - résultats
Vous n’avez pas pris ce quiz